000 01258nam a2200277 i 4500
003 DO-SdBNP
005 20250613105641.0
007 ta
008 250613b19-- dr acd|| |||| 00| 0 spa d
040 _aDO-SdBNP
_bspa
_cBNPHU
_erda
082 4 _axxx
_bxxx
_222
100 _aMarcelo, Nidia,
_eautor
_4aut.
_91256
245 1 0 _aNueva matemática /
_cNidia Marcelo.
260 _aSanto Domingo :
_bSusaeta Ediciones Dominicanas,
_c[19--].
264 1 _aSanto Domingo :
_bSusaeta,
_c19--?.
300 _avolumenes :
_bilustraciones, retratos y gráficos ;
_c25 cm.
336 _atexto
_btxt
_2rdacontent
337 _asin mediación
_bn
_2rdamedia
338 _avolumen
_bnc
_2rdacarrier
500 _aEducación primaria
500 _aLa biblioteca posee los volumenes 1,2, 4, 5 y 6.
505 0 _av. 1--
_tPrimer curso de primaria--
_tIdentificación de conjuntos--
_gv. 2 --
_tSegundo curso de primaria --
_tConjuntos--
_gv.4 --
_tCuarto curso de primaria --
_tConjunto-Números-Numerales--
_gv.5--
_tQuinto curso de primaria --
_tConjuntos - Intersección de conjuntos - Propiedades - Unión de conjuntos--
_gv.6 --
_tSexto curso de primaria--
_tAdición y sustración de números naturales.
590 _aInventariado, 2025/BT
910 _aBtavárez
942 _2ddc
_cLBS1
999 _c59276
_d59276